सोना सयानी / (Record no. 54678)
[ view plain ]
| 000 -LEADER | |
|---|---|
| fixed length control field | 02249nam a22003257a 4500 |
| 005 - DATE AND TIME OF LATEST TRANSACTION | |
| control field | 20110802115024.0 |
| 010 ## - LCCN (DPL NO) | |
| LC control number | B-435998-436002 |
| 020 ## - INTERNATIONAL STANDARD BOOK NUMBER | |
| Terms of availability | 15.00 |
| International Standard Book Number | 8182636973 |
| 035 ## - SYSTEM CONTROL NUMBER | |
| System control number | B-435998-436002 |
| 037 ## - SOURCE OF ACQUISITION | |
| Source of stock number/acquisition | ब्लयूबेरी बुक्स |
| 082 ## - DEWEY DECIMAL CLASSIFICATION NUMBER | |
| Classification number | क |
| 100 ## - MAIN ENTRY--PERSONAL NAME | |
| Personal name | विनीता कृष्णा |
| 245 ## - TITLE STATEMENT | |
| Title | सोना सयानी / |
| Statement of responsibility, etc | विनीता कृष्णा'; सुविधा मिस्त्री द्वारा चित्रांकित |
| 246 ## - VARYING FORM OF TITLE | |
| Title proper/short title | Sona syani |
| Remainder of title | by Suvidha Mishtri |
| 260 ## - PUBLICATION, DISTRIBUTION, ETC. (IMPRINT) | |
| Place of publication, distribution, etc | नई दिल्ली |
| Name of publisher, distributor, etc | प्रथम बुक्स |
| Date of publication, distribution, etc | 2006 |
| 270 ## - ADDRESS | |
| City | नई दिल्ली |
| Telephone number | +911141042483 |
| Fax number | |
| Electronic mail address | www.prathambooks.org |
| 300 ## - PHYSICAL DESCRIPTION | |
| Extent | 8पृ.; |
| Dimensions | 18x22सेमी (अजिल्द) |
| Other physical details | सचित्र |
| 490 ## - SERIES STATEMENT | |
| Series statement | |
| -- | 31628 |
| 500 ## - GENERAL NOTE | |
| General note | |
| 700 ## - ADDED ENTRY--PERSONAL NAME | |
| Personal name | मिस्त्री, सुविधा |
| 9 (RLIN) | 30772 |
| 710 ## - ADDED ENTRY--CORPORATE NAME | |
| 9 (RLIN) | 30773 |
| 942 ## - ADDED ENTRY ELEMENTS (KOHA) | |
| Source of classification or shelving scheme | Dewey Decimal Classification |
| Item type | Children Books |
| Call number suffix | विनीता |
| Classification part | क |
| Withdrawn status | Lost status | Not for loan | Collection code | Home library | Current library | Date acquired | Source of acquisition | Cost, normal purchase price | Full call number | Barcode | Copy number | Cost, replacement price | Koha item type |
|---|---|---|---|---|---|---|---|---|---|---|---|---|---|
| Fiction | Bawana | Bawana | 08/08/2011 | बल्यूबेरी/6364/25.3.2011/83/21.3.11/31.3.11 | 15.00 | क विनीता | B-436000 | 1 | 15.00 | Children Books | |||
| Fiction | Central Library | Central Library | 08/08/2011 | बल्यूबेरी/6364/25.3.2011/83/21.3.11/31.3.11 | 15.00 | क विनीता | B-435998 | 1 | 15.00 | Children Books | |||
| Withdrawn | Fiction | Karol Bagh | Karol Bagh | 08/08/2011 | बल्यूबेरी/6364/25.3.2011/83/21.3.11/31.3.11 | 15.00 | क विनीता | B-436001 | 1 | 15.00 | Children Books | ||
| Written-off vide DLB M. No. 383 dt 16.05.19 | Fiction | Patel Nagar | Patel Nagar | 08/08/2011 | बल्यूबेरी/6364/25.3.2011/83/21.3.11/31.3.11 | 15.00 | क विनीता | B-435999 | 1 | 15.00 | Children Books | ||
| Written-off vide DLB M. No. 383 dt 16.05.19 | Fiction | Shahdara Branch | Shahdara Branch | 08/08/2011 | बल्यूबेरी/6364/25.3.2011/83/21.3.11/31.3.11 | 15.00 | क विनीता | B-436002 | 1 | 15.00 | Children Books |
